000 00557nam a2200205Ia 4500
005 20260122095518.0
008 260121s9999||||xx |||||||||||||| ||und||
020 _a9781891389573
082 _a541.35
_bTUR
100 _aTurro, Nicholas J.
245 0 _aPrinciples of molecular photochemistry :
_ban introduction /
260 _aUSA :
_bUniversity Science Books,
_c2009.
300 _axxi, 495 p.; pbk
650 _aMolecular
650 _aOrganic
650 _aPhotochemistry
700 _aRamamurthy, J.
700 _aScaiano, J. C.
942 _cTB
999 _c10040
_d10040